000 00658nam a2200229Ia 4500
003 GCL
008 140319s9999 xx 000 0 ara d
040 _aGCL /
_cGCL
082 0 4 _a327.12
_bب ا
100 1 _aمحمود سالم
245 1 0 _aاساتذة التجسس /
_cمحمود سالم
700 1 _aبور، روجر
700 1 _aيلندل، ينحل
700 1 _aعبدالرحمن الجناينى
300 _a149 ص
490 _aعالم الجريمة
_v0
650 0 4 _aالعلاقات الدولية
650 0 4 _aالجواسيس
650 0 4 _aالجاسوسية
650 0 4 _aالقوى السياسية
942 _2ddc
_cBK
999 _c49465
_d49465